000 00227nam a22000857a 4500
001 1236347
005 20251001162700.0
245 _aMUTSUZ PALYANÇOLAR ÖRGÜTÜ
_cNESLİHAN ÖNDEROĞLU
260 _bGÜNIŞIĞI KİTAPLIĞI YAYINLARI
999 _c1236347
_d1236347